Taiwan History Quiz 2025 - Statistics

General Stats
  • This quiz has been taken 31 times
  • The average score is 10 of 15
Answer Stats
Hint Answer % Correct
Closest Ally Japan
97%
Former Part of China
94%
Main Enemy China
94%
Number of Provinces 2
90%
Number of Main Political Parties 4
87%
Main Language Chinese
84%
Main Religion Buddhism
81%
Separate from mainland China Since 1949
77%
Currency New Taiwan Dollar
58%
Form of Government Democracy
52%
Rank in Military Charts 22
45%
Capital Taipei City
45%
Number of Prime Ministers 44
35%
Current President Lai Ching-te
35%
Main Export Electronics
10%
No matching quizzes found
Score Distribution
Percent of People with Each Score
Percentile by Number Answered
Your Score History
You have not taken this quiz